Sobre el concepto de cultura
Gardado en:
| Autor Principal: | |
|---|---|
| Formato: | Desconocido |
| Idioma: | Spanish |
| Publicado: |
España:
Mitre,
1984
|
| Materias: | |
| Etiquetas: |
Engadir etiqueta
Sen Etiquetas, Sexa o primeiro en etiquetar este rexistro!
|
MARC
| LEADER | 000000000a22000000004500 | ||
|---|---|---|---|
| 001 | 001070 | ||
| 008 | 170622s1984 sp ||||| |||| 00| 0 spa d | ||
| 020 | |a 8486153646 | ||
| 040 | |a CIICLA - UCR | ||
| 041 | 0 | |a español | |
| 082 | |a 306.4 |b S677s | ||
| 100 | 1 | |a Castellary, A. Berenger | |
| 245 | 1 | 0 | |a Sobre el concepto de cultura |
| 260 | |a España: |b Mitre, |c 1984 | ||
| 300 | |a 136 páginas. | ||
| 500 | |a Número de inscripción 13263 (Colección de George Yúdice) | ||
| 650 | 4 | |a CULTURA | |
| 942 | |2 ddc |c BK | ||
| 999 | |c 2188 |d 2188 | ||



